header

Microcanonical thermodynamics (Record no. 34320)

MARC details
000 -LEADER
fixed length control field 01353nam a2200325Ia 4500
100 1# - MAIN ENTRY--AUTHOR NAME
Personal name Gross, Dieter H. E.
245 10 - TITLE STATEMENT
Title Microcanonical thermodynamics
260 ## - PUBLICATION, DISTRIBUTION, ETC. (IMPRINT)
Place of publication Singapore ;
-- River Edge, N.J. :
Name of publisher World Scientific,
Year of publication c2001.
300 ## - PHYSICAL DESCRIPTION
Number of Pages xv, 269 p. :
Other physical details ill.
490 1# - SERIES STATEMENT
Series statement World Scientific lecture notes in physics ;
650 #0 - SUBJECT ADDED ENTRY--TOPICAL TERM
Topical Term Statistical thermodynamics.
Topical Term Thermodynamics.
856 40 - ELECTRONIC LOCATION AND ACCESS
Uniform Resource Identifier http://site.ebrary.com/lib/rucke/Doc?id=10255500

No items available.

© 2026 Rongo University
Contact us: librarian | system librarian | Rongo university